| 000 | 00423nam a22001697a 4500 | ||
|---|---|---|---|
| 003 | NUST - PNEC | ||
| 005 | 20170116181013.0 | ||
| 008 | 150913b xxu||||| |||| 00| 0 eng d | ||
| 020 | _a- | ||
| 040 | _cLIBRARY | ||
| 082 | _a621.38152 MIT | ||
| 100 |
_910334 _aG.K. Mithal |
||
| 245 |
_aIndustrial and power electronics _cG.K. Mithal |
||
| 260 | _c2003 | ||
| 650 |
_910328 _aElectronic engineering _xEL |
||
| 942 |
_2ddc _cBK |
||
| 999 |
_c67184 _d67184 |
||